[Event "OLNN 2324 SC Königsspringer HH - SK Joh"]
[Site "?"]
[Date "2024.02.04"]
[Round "5.4"]
[White "Borgmeyer, Max"]
[Black "Schroeder, Christoph"]
[Result "1/2-1/2"]
[WhiteElo "2202"]
[BlackElo "2179"]
[PlyCount "101"]
[EventDate "2024.??.??"]

1. e4 c5 2. Nf3 Nc6 3. d4 cxd4 4. Nxd4 e5 5. Nb5 a6 6. Nd6+ Bxd6 7. Qxd6 Qf6 8. Qd1 Qg6 9. Nc3 d5 10. Nxd5 Qxe4+ 11. Ne3 Nge7 12. Bd3 Qh4 13. g3 Qh3 14. Bf1 Qd7 15. Qxd7+ Bxd7 16. Bg2 Be6 17. b3 O-O-O 18. Bb2 Nd5 19. O-O-O Nxe3 20. fxe3 f6 21. Ba3 Bg4 22. Rxd8+ Rxd8 23. h3 Be6 24. Rd1 Rxd1+ 25. Kxd1 Kd7 26. Bf8 g6 27. Kd2 h5 28. c4 f5 29. Kc3 e4 30. Bg7 a5 31. a3 Kd6 32. b4 axb4+ 33. axb4 Ne5 34. Bf1 Nd3 35. Bxd3 exd3 36. Kxd3 f4 37. exf4 Bxh3 38. Kd4 Bf1 39. Bf8+ Kd7 40. Kc5 Bd3 41. Bg7 Be2 42. Be5 Bd3 43. b5 Be2 44. Kb4 b6 45. c5 bxc5+ 46. Kxc5 Bd3 47. Kb6 Be2 48. Kc5 Bd3 49. b6 Kc8 50. Kc6 Be4+ 51. Kd6 1/2-1/2

[Event "OLNN 2324 SC Königsspringer HH - SK Joh"]
[Site "?"]
[Date "2024.02.04"]
[Round "5.6"]
[White "Lampe, Joerg"]
[Black "Wirthgen, Peter"]
[Result "0-1"]
[WhiteElo "2110"]
[BlackElo "2113"]
[PlyCount "62"]
[EventDate "2024.??.??"]

1. e4 c6 2. d4 d5 3. exd5 cxd5 4. c4 Nf6 5. Nc3 Nc6 6. Bg5 dxc4 7. Bxc4 e6 8. Nf3 Be7 9. O-O O-O 10. Re1 a6 11. a3 b5 12. Bb3 Bb7 13. Qd3 Rc8 14. Bc2 g6 15. Rad1 b4 16. Na4 bxa3 17. bxa3 Nd5 18. Bh6 Ncb4 19. axb4 Nxb4 20. Bxf8 Bxf8 21. Qd2 Rxc2 22. Qf4 Bd6 23. Qh4 Be7 24. Qf4 Nd5 25. Qh6 Bc6 26. Nc5 Nc3 27. Nxe6 fxe6 28. Rxe6 Bxf3 29. Rde1 Ne2+ 30. Kf1 Bxg2+ 31. Kxg2 Qd5+ 0-1

[Event "OLNN 2324 SC Königsspringer HH - SK Joh"]
[Site "?"]
[Date "2024.02.04"]
[Round "5.7"]
[White "Schueler, Hendrik"]
[Black "Lock, Adrian"]
[Result "1-0"]
[WhiteElo "2050"]
[BlackElo "2083"]
[PlyCount "95"]
[EventDate "2024.??.??"]

1. d4 d5 2. Nf3 Nf6 3. c4 dxc4 4. g3 e6 5. Bg2 Be7 6. O-O O-O 7. Qc2 c5 8. dxc5 Na6 9. Rd1 Qa5 10. Qxc4 Qxc5 11. Qxc5 Nxc5 12. Nc3 Bd7 13. Ne5 Rad8 14. Be3 Bc8 15. Rac1 a6 16. h3 Nfd7 17. Nc4 Nb8 18. Nb6 Nc6 19. Bxc6 bxc6 20. Nxc8 Rxc8 21. b4 Nb7 22. Rd7 c5 23. Rxe7 cxb4 24. Ne4 Rxc1+ 25. Bxc1 Na5 26. Ra7 f5 27. Nd6 Nc6 28. Rxa6 Nd4 29. Bb2 Nxe2+ 30. Kf1 Nc3 31. Bxc3 bxc3 32. Rc6 Rd8 33. Nb5 Rd1+ 34. Kg2 Rd2 35. Nxc3 e5 36. Rc5 e4 37. Rxf5 e3 38. Re5 Rxf2+ 39. Kg1 Rf3 40. Ne2 Kf7 41. a4 Kf6 42. Re4 g5 43. a5 Rf5 44. Ra4 Rf2 45. Ra2 Ke5 46. a6 Rf8 47. a7 Ra8 48. Ra4 1-0

[Event "OLNN 2324 SC Königsspringer HH - SK Joh"]
[Site "?"]
[Date "2024.02.04"]
[Round "5.8"]
[White "Hloskovsky, Andrei"]
[Black "Keyser, Philipp"]
[Result "0-1"]
[WhiteElo "2089"]
[BlackElo "2027"]
[PlyCount "84"]
[EventDate "2024.??.??"]

1. e4 c5 2. Nc3 Nc6 3. g3 g6 4. Bg2 Bg7 5. d3 d6 6. Be3 Rb8 7. Qd2 b5 8. Nge2 b4 9. Nd1 e5 10. O-O Nf6 11. Bh6 O-O 12. Bxg7 Kxg7 13. Ne3 Nd4 14. Nc1 h5 15. c3 Ne6 16. Ne2 h4 17. f4 bxc3 18. bxc3 hxg3 19. hxg3 Rh8 20. f5 Ng5 21. g4 Rh4 22. fxg6 Nxg4 23. gxf7 Nxf7 24. Ng3 Nxe3 25. Qxe3 Rb2 26. Rf2 Rxf2 27. Qxf2 Qg5 28. Nf5+ Bxf5 29. Qxf5 Qxf5 30. exf5 Kf6 31. Bd5 Nh6 32. Rb1 Nxf5 33. Rb7 Rg4+ 34. Kf2 Rg7 35. Rb8 Kg5 36. Rd8 Kf4 37. Be4 Rh7 38. Rf8 Rh5 39. Rf6 c4 40. Bxf5 Rxf5 41. Rxf5+ Kxf5 42. dxc4 Kf4 0-1

[Event "OLNN 2324 SC Königsspringer HH - SK Joh"]
[Site "?"]
[Date "2024.02.04"]
[Round "5.5"]
[White "Behrhorst, Frank"]
[Black "Skibbe, Willi"]
[Result "0-1"]
[WhiteElo "2205"]
[BlackElo "2173"]
[PlyCount "76"]
[EventDate "2024.??.??"]

1. d4 d5 2. c4 c6 3. Nf3 Nf6 4. Nc3 a6 5. c5 Nbd7 6. Bf4 g6 7. e3 Nh5 8. Be2 Nxf4 9. exf4 Bg7 10. O-O O-O 11. b4 Qc7 12. Qd2 Bh6 13. Ng5 Re8 14. g3 Nf8 15. Nf3 Bg4 16. Ne5 Bh3 17. Rfe1 f6 18. Nd3 e5 19. Bf1 Bxf1 20. Kxf1 exf4 21. Nxf4 Bxf4 22. Qxf4 Qxf4 23. gxf4 Ne6 24. Ne2 Ng7 25. Red1 Re4 26. Rac1 Rae8 27. Rd2 Nh5 28. Ng3 Rxf4 29. Nxh5 gxh5 30. Re1 Rxe1+ 31. Kxe1 Rf3 32. Kf1 Rh3 33. Kg2 Rc3 34. Rb2 Rd3 35. a4 Rxd4 36. b5 axb5 37. axb5 Rc4 38. bxc6 bxc6 0-1

[Event "OLNN 2324 SK Norderstedt - Hamburger SK "]
[Site "?"]
[Date "2024.02.04"]
[Round "5.1"]
[White "Weihrauch, Jakob"]
[Black "Ostrovskiy, Andrey"]
[Result "1/2-1/2"]
[WhiteElo "2242"]
[BlackElo "2422"]
[PlyCount "55"]
[EventDate "2024.??.??"]

1. e4 e5 2. Nf3 Nc6 3. Bc4 Bc5 4. d3 Nf6 5. O-O a6 6. a4 d6 7. c3 h6 8. h3 O-O 9. Re1 Re8 10. b4 Ba7 11. Be3 Bxe3 12. Rxe3 d5 13. exd5 Nxd5 14. Bxd5 Qxd5 15. Nbd2 Bf5 16. Qe2 Red8 17. Ne4 Bxe4 18. dxe4 Qe6 19. a5 Rd7 20. Rd1 Rad8 21. Rxd7 Rxd7 22. Nd2 b6 23. Rd3 bxa5 24. Rxd7 Qxd7 25. bxa5 Nxa5 26. Qxa6 Qxd2 27. Qc8+ Kh7 28. Qf5+ 1/2-1/2

[Event "OLNN 2324 SK Norderstedt - Hamburger SK "]
[Site "?"]
[Date "2024.02.04"]
[Round "5.2"]
[White "Kopylov, Michael"]
[Black "Gaede, Derek"]
[Result "1-0"]
[WhiteElo "2348"]
[BlackElo "2278"]
[PlyCount "89"]
[EventDate "2024.??.??"]

1. d4 Nf6 2. c4 e6 3. g3 c5 4. Nf3 cxd4 5. Nxd4 d5 6. Bg2 e5 7. Nf3 d4 8. O-O Nc6 9. e3 Be7 10. exd4 exd4 11. Bf4 O-O 12. Ne5 Be6 13. Qb3 Nxe5 14. Bxe5 Ng4 15. Bf4 g5 16. Bc1 b5 17. Qxb5 Rb8 18. Qa4 Rb4 19. Qd1 Rxc4 20. Nd2 Rc7 21. Nf3 Bf6 22. Re1 Rc5 23. Bd2 d3 24. h3 Ne5 25. Bb4 Nxf3+ 26. Qxf3 Rf5 27. Qe4 Qb6 28. Bxf8 Qxf2+ 29. Kh1 Bd5 30. Qxd5 Rxd5 31. Re8 Rd8 32. Bc5+ Rxe8 33. Bxf2 Re2 34. Bxa7 Bxb2 35. Rd1 Be5 36. a3 d2 37. Bf3 Re1+ 38. Kg2 Bc3 39. Kf2 Re7 40. Bc5 Re1 41. Be3 h6 42. Bc5 f5 43. Bb4 Bd4+ 44. Kg2 Be3 45. Rxe1 1-0

[Event "OLNN 2324 SK Norderstedt - Hamburger SK "]
[Site "?"]
[Date "2024.02.04"]
[Round "5.4"]
[White "Sislian, Hanno"]
[Black "Brinkmann, Fabian"]
[Result "0-1"]
[WhiteElo "2239"]
[BlackElo "2190"]
[PlyCount "80"]
[EventDate "2024.??.??"]

1. e4 c6 2. d4 d5 3. e5 Bf5 4. Nf3 e6 5. Be2 Nd7 6. O-O Bg6 7. Nbd2 Nh6 8. Nb3 Nf5 9. a4 a5 10. c3 Be7 11. g4 Nh4 12. Nxh4 Bxh4 13. f4 f5 14. h3 Be7 15. g5 h6 16. h4 hxg5 17. hxg5 Kf7 18. Be3 Rh3 19. Bf3 Qh8 20. Qe1 Qh7 21. Bg2 Rh8 22. Nd2 Rh1+ 23. Kf2 Qh4+ 24. Ke2 Qg4+ 25. Bf3 R8h2+ 26. Kd3 Rxf1 27. Nxf1 Rxb2 28. Qc1 Qxf3 29. Qxb2 Qe4+ 30. Ke2 Qg2+ 31. Bf2 Bh5+ 32. Ke1 Qf3 33. Ng3 Bg4 34. Qd2 Nb6 35. Qe3 Qg2 36. Rb1 Nc4 37. Qd3 b6 38. Rc1 b5 39. axb5 cxb5 40. Rb1 b4 0-1

[Event "OLNN 2324 SK Norderstedt - Hamburger SK "]
[Site "?"]
[Date "2024.02.04"]
[Round "5.5"]
[White "Avdic, Faris"]
[Black "Hovhannisyan, Artur"]
[Result "1-0"]
[WhiteElo "2186"]
[BlackElo "2217"]
[PlyCount "103"]
[EventDate "2024.??.??"]

1. d4 Nf6 2. c4 e6 3. Nc3 d5 4. cxd5 exd5 5. Bg5 c6 6. Qc2 Be7 7. e3 Nbd7 8. Bd3 Nf8 9. Nf3 Ne6 10. Bh4 g6 11. O-O O-O 12. Rab1 Nh5 13. Bxe7 Qxe7 14. b4 a6 15. a4 a5 16. b5 Ng5 17. Nxg5 Qxg5 18. bxc6 bxc6 19. Ne2 Bd7 20. Rb7 Rfd8 21. Rfb1 Be8 22. Qc5 Rdc8 23. R1b6 Qd8 24. Nc1 Nf6 25. Ra6 Rxa6 26. Bxa6 Ra8 27. Bd3 Qc8 28. Ra7 Nd7 29. Qxa5 Rxa7 30. Qxa7 c5 31. Ba6 Qd8 32. Bb5 c4 33. Ne2 Nf6 34. Nc3 Kg7 35. h3 Qc8 36. Bxe8 Qxe8 37. Qc7 Qe6 38. Qe5 Qc6 39. a5 Kh6 40. f3 g5 41. e4 dxe4 42. fxe4 Nh5 43. Qb5 Qc8 44. a6 Qd8 45. Qc6+ f6 46. Nd5 Qa5 47. Kh2 Qa3 48. Qc7 Qxa6 49. Ne3 Ng7 50. Qf7 f5 51. exf5 Qd6+ 52. Kh1 1-0

[Event "OLNN 2324 SK Norderstedt - Hamburger SK "]
[Site "?"]
[Date "2024.02.04"]
[Round "5.6"]
[White "Zierke, Oliver"]
[Black "Schumacher, Norbert"]
[Result "1-0"]
[WhiteElo "2187"]
[BlackElo "2117"]
[PlyCount "61"]
[EventDate "2024.??.??"]

1. d4 Nf6 2. Nf3 e6 3. Bg5 d5 4. e3 c5 5. Nbd2 Nc6 6. c3 h6 7. Bh4 Be7 8. Bd3 Qb6 9. Rb1 O-O 10. O-O Re8 11. Ne5 Nxe5 12. dxe5 Nd7 13. Bg3 c4 14. Bc2 Nf8 15. Qg4 f5 16. exf6 Bxf6 17. Qh5 Bd7 18. e4 Bg5 19. Rfd1 Rad8 20. e5 Bxd2 21. Rxd2 Re7 22. Rd4 Be8 23. Qg4 Rf7 24. h3 Qc6 25. Bf4 Kh8 26. Qh4 Qd7 27. Rbd1 b5 28. Bxh6 gxh6 29. Qxh6+ Kg8 30. Rg4+ Rg7 31. Rdd4 1-0

[Event "OLNN 2324 SK Norderstedt - Hamburger SK "]
[Site "?"]
[Date "2024.02.04"]
[Round "5.7"]
[White "Kastek, Thomas"]
[Black "Parvanyan, Alfred"]
[Result "1/2-1/2"]
[WhiteElo "2160"]
[BlackElo "2153"]
[PlyCount "91"]
[EventDate "2024.??.??"]

1. d4 Nf6 2. c4 c5 3. d5 b5 4. cxb5 a6 5. e3 axb5 6. Bxb5 Qa5+ 7. Nc3 Ba6 8. Bxa6 Nxa6 9. Nf3 d6 10. O-O g6 11. e4 Bg7 12. Re1 O-O 13. Bg5 Rfb8 14. Rb1 Rb7 15. e5 Ne8 16. exd6 exd6 17. Re2 Rab8 18. Na4 Rb4 19. b3 Nec7 20. Bd2 Qxa4 21. bxa4 Rxb1 22. Bc1 Nxd5 23. Qxd5 Rxc1+ 24. Re1 Rxe1+ 25. Nxe1 Bc3 26. Qd3 Bxe1 27. Qxa6 Rb2 28. Qf1 Bc3 29. h4 Rxa2 30. Qc4 Ra1+ 31. Kh2 Bd4 32. f3 h5 33. g4 hxg4 34. fxg4 Be5+ 35. Kg2 Ra3 36. h5 Rc3 37. Qd5 Rg3+ 38. Kf1 Rxg4 39. a5 Rf4+ 40. Ke2 gxh5 41. a6 Ra4 42. Qb7 h4 43. a7 h3 44. a8=Q+ Rxa8 45. Qxa8+ Kg7 46. Kd3 1/2-1/2

[Event "OLNN 2324 SK Norderstedt - Hamburger SK "]
[Site "?"]
[Date "2024.02.04"]
[Round "5.8"]
[White "Bohnsack, Ralf"]
[Black "Schellhorn, Wolfgang"]
[Result "0-1"]
[WhiteElo "2170"]
[BlackElo "2082"]
[PlyCount "76"]
[EventDate "2024.??.??"]

1. d4 Nf6 2. Nf3 g6 3. c4 Bg7 4. Nc3 d5 5. cxd5 Nxd5 6. g3 O-O 7. Bg2 Nc6 8. O-O Nb6 9. e3 e5 10. d5 Ne7 11. e4 Bg4 12. Bg5 h6 13. Be3 Nc4 14. Bc5 b6 15. Qe2 Nd6 16. Ba3 Qd7 17. Rac1 f5 18. h3 Bh5 19. Rfe1 Rae8 20. exf5 e4 21. g4 exf3 22. Qxf3 Rxf5 23. Qd3 Bxg4 24. hxg4 Rg5 25. Re6 Rxg4 26. Qe2 h5 27. Re1 Bf8 28. Bxd6 cxd6 29. Ne4 Nxd5 30. Rxe8 Qxe8 31. Qc4 Qf7 32. Rc1 Be7 33. Kh1 Nf4 34. Qc8+ Kh7 35. Bf3 Rh4+ 36. Kg1 Ne6 37. Rc3 Nd4 38. Bd1 Rxe4 0-1

[Event "OLNN 2324 SF Schwerin - Hamburger SK III"]
[Site "?"]
[Date "2024.02.25"]
[Round "6.1"]
[White "Weihrauch, Jakob"]
[Black "De Jong, Migchiel"]
[Result "1/2-1/2"]
[WhiteElo "2242"]
[BlackElo "2291"]
[PlyCount "51"]
[EventDate "2024.??.??"]

1. e4 e6 2. d4 d5 3. Nc3 Bb4 4. e5 c5 5. a3 Bxc3+ 6. bxc3 Qc7 7. Qg4 f5 8. exf6 Nxf6 9. Qg3 Qa5 10. Bd2 O-O 11. f3 Nc6 12. Ne2 Qb6 13. dxc5 Qxc5 14. Nd4 e5 15. Nb3 Qe7 16. Be2 Bf5 17. Ra2 e4 18. O-O e3 19. Be1 Rae8 20. Qg5 Bg6 21. Bg3 Bf7 22. Nd4 Nxd4 23. cxd4 h6 24. Qf5 Kh8 25. Qd3 Nd7 26. Qb3 1/2-1/2

[Event "OLNN 2324 SF Schwerin - Hamburger SK III"]
[Site "?"]
[Date "2024.02.25"]
[Round "6.2"]
[White "Reichmann, Hendrik"]
[Black "Hommer, Jeremy"]
[Result "1/2-1/2"]
[WhiteElo "2303"]
[BlackElo "2307"]
[PlyCount "110"]
[EventDate "2024.??.??"]

1. d4 Nf6 2. Nf3 g6 3. g3 Bg7 4. Bg2 O-O 5. c4 d6 6. Nc3 Nbd7 7. h3 e5 8. O-O exd4 9. Nxd4 Ne5 10. b3 Bd7 11. Bb2 Nc6 12. Nc2 Re8 13. Qd2 Rb8 14. f4 Bf5 15. Ne3 Qe7 16. Nxf5 gxf5 17. Bf3 Qe3+ 18. Qxe3 Rxe3 19. Nb5 Ne4 20. Bxg7 Kxg7 21. Nxc7 Nxg3 22. Rf2 Kh6 23. Rg2 Nh5 24. Nd5 Re6 25. Kf2 Rg6 26. Rd1 Rbg8 27. b4 Ng7 28. b5 Na5 29. Ne3 Re8 30. Bd5 Re7 31. Rdg1 b6 32. h4 Nb7 33. h5 Rxg2+ 34. Rxg2 Nc5 35. Rxg7 Kxg7 36. Nxf5+ Kf8 37. Nxe7 Kxe7 38. Ke3 h6 39. Kd4 f5 40. Bg2 Ne6+ 41. Ke3 Ng7 42. Bf3 Ne8 43. Kd4 Nf6 44. e3 Ke6 45. Bd1 Kd7 46. Be2 Ke6 47. Bf3 Kd7 48. a4 Ke6 49. Kc3 Kd7 50. Kb4 Ke6 51. a5 Kd7 52. axb6 axb6 53. Kc3 Ke6 54. Kd4 Kd7 55. Be2 Ke6 1/2-1/2

[Event "OLNN 2324 SF Schwerin - Hamburger SK III"]
[Site "?"]
[Date "2024.02.25"]
[Round "6.3"]
[White "Bracker, Arne"]
[Black "Wolf, Christoph"]
[Result "1-0"]
[WhiteElo "2301"]
[BlackElo "2173"]
[PlyCount "41"]
[EventDate "2024.??.??"]

1. e4 c5 2. Nf3 a6 3. Nc3 b5 4. d4 cxd4 5. Nxd4 Bb7 6. Bd3 Nc6 7. Nxc6 dxc6 8. O-O g6 9. a4 Bg7 10. e5 Bxe5 11. Re1 Qc7 12. Qe2 Bg7 13. Be3 b4 14. Ne4 Nf6 15. Bb6 Qe5 16. Nxf6+ Qxf6 17. Bd4 e5 18. Bxe5 Qxe5 19. Qg4 O-O 20. Rxe5 Bxe5 21. Qxb4 1-0

[Event "OLNN 2324 SF Schwerin - Hamburger SK III"]
[Site "?"]
[Date "2024.02.25"]
[Round "6.4"]
[White "Rittemann, Steffen"]
[Black "Holinka, Henning"]
[Result "1-0"]
[WhiteElo "2176"]
[BlackElo "2194"]
[PlyCount "51"]
[EventDate "2024.??.??"]

1. e4 c5 2. Nf3 d6 3. d4 cxd4 4. Nxd4 Nf6 5. Nc3 a6 6. h3 e5 7. Nde2 h5 8. g3 b5 9. Bg2 Bb7 10. Bg5 Nbd7 11. O-O Be7 12. a3 Rc8 13. Nc1 Qb6 14. Qe2 Nxe4 15. Bxe4 Bxg5 16. Bxb7 Qxb7 17. Nd3 h4 18. f4 Bf6 19. g4 O-O 20. g5 Bd8 21. Rae1 exf4 22. Qh5 Bb6+ 23. Kh2 d5 24. Re7 Bd8 25. Rxf4 Bc7 26. g6 1-0

[Event "OLNN 2324 SF Schwerin - Hamburger SK III"]
[Site "?"]
[Date "2024.02.25"]
[Round "6.5"]
[White "Brinkmann, Fabian"]
[Black "Leisner, Hannes"]
[Result "0-1"]
[WhiteElo "2190"]
[BlackElo "2158"]
[PlyCount "60"]
[EventDate "2024.??.??"]

1. d4 Nf6 2. c4 g6 3. Nc3 d5 4. cxd5 Nxd5 5. Bd2 Bg7 6. e3 O-O 7. h4 Nxc3 8. bxc3 e5 9. Bc4 Nc6 10. a4 Na5 11. Ba2 c5 12. d5 c4 13. e4 f5 14. Bg5 Qe8 15. h5 fxe4 16. Rb1 Bd7 17. Rb4 Rc8 18. Bb1 Nb3 19. Bxe4 Nc5 20. Rxc4 Bxa4 21. Qb1 Nxe4 22. Rxe4 Bd7 23. Qb3 gxh5 24. Be3 Qg6 25. Reh4 e4 26. Ne2 Bg4 27. Nd4 Qa6 28. Nb5 Rxc3 29. Qb1 Rxe3+ 30. fxe3 Qa5+ 0-1

[Event "OLNN 2324 SF Schwerin - Hamburger SK III"]
[Site "?"]
[Date "2024.02.25"]
[Round "6.6"]
[White "Schulz, Karsten"]
[Black "Avdic, Faris"]
[Result "0-1"]
[WhiteElo "2278"]
[BlackElo "2186"]
[PlyCount "56"]
[EventDate "2024.??.??"]

1. Nf3 d5 2. g3 Nc6 3. Bg2 e5 4. d3 Nf6 5. O-O Be7 6. e3 O-O 7. Nc3 Re8 8. b3 h6 9. Bb2 Be6 10. h3 Qd7 11. Kh2 Rad8 12. Ne2 Bd6 13. Nd2 Ne7 14. a3 Nh7 15. e4 c6 16. d4 Qc7 17. dxe5 Bxe5 18. Bxe5 Qxe5 19. Qc1 Nf6 20. f4 Qh5 21. Nd4 Bxh3 22. Bxh3 dxe4 23. Nxe4 Nxe4 24. Qb2 c5 25. Nf3 Nd2 26. g4 Nxf1+ 27. Rxf1 Qd5 28. Bg2 Ng6 0-1

[Event "OLNN 2324 SF Schwerin - Hamburger SK III"]
[Site "?"]
[Date "2024.02.25"]
[Round "6.7"]
[White "Zieher, Hartmut"]
[Black "Grahl, Arvid"]
[Result "1/2-1/2"]
[WhiteElo "2090"]
[BlackElo "2117"]
[PlyCount "47"]
[EventDate "2024.??.??"]

1. e4 d6 2. Nc3 g6 3. f4 Bg7 4. Nf3 c5 5. Bb5+ Bd7 6. Bxd7+ Qxd7 7. O-O Nc6 8. d3 e6 9. Qe1 Nd4 10. Qf2 Ne7 11. Be3 Nec6 12. Rae1 b5 13. Nd1 Nxf3+ 14. Qxf3 O-O 15. c3 f5 16. e5 dxe5 17. Bxc5 Rfe8 18. Nf2 exf4 19. d4 Qd5 20. Qxd5 exd5 21. Nh3 Bh6 22. Rxe8+ Rxe8 23. Nxf4 Bxf4 24. Rxf4 1/2-1/2

[Event "OLNN 2324 SF Schwerin - Hamburger SK III"]
[Site "?"]
[Date "2024.02.25"]
[Round "6.8"]
[White "Heinsohn, Wilfried"]
[Black "Schumacher, Norbert"]
[Result "1/2-1/2"]
[WhiteElo "2107"]
[BlackElo "2117"]
[PlyCount "38"]
[EventDate "2024.??.??"]

1. e4 c5 2. Nc3 Nc6 3. Bb5 g6 4. Bxc6 dxc6 5. d3 Bg7 6. f4 Nf6 7. Nf3 Bg4 8. O-O O-O 9. Qe1 Bxf3 10. Rxf3 Nd7 11. f5 e6 12. Be3 Qe7 13. h3 c4 14. fxe6 fxe6 15. Rxf8+ Rxf8 16. d4 Nb6 17. a3 Nd7 18. Qg3 c5 19. dxc5 Nxc5 1/2-1/2

[Event "OLNN 2324 SK Johanneum Eppendorf - SK No"]
[Site "?"]
[Date "2024.02.25"]
[Round "6.1"]
[White "Trent, Lawrence"]
[Black "Yakovich, Yuri"]
[Result "1-0"]
[WhiteElo "2408"]
[BlackElo "2524"]
[PlyCount "77"]
[EventDate "2024.??.??"]

1. Nc3 c5 2. e4 Nc6 3. Bb5 Nd4 4. Nf3 e6 5. O-O a6 6. Bd3 Nc6 7. b3 d6 8. Bb2 Be7 9. Ne2 Nf6 10. c3 d5 11. exd5 exd5 12. Ng3 g6 13. Re1 O-O 14. Bf1 Be6 15. d4 Rc8 16. c4 dxc4 17. Rxe6 c3 18. Bxc3 fxe6 19. Bc4 Nd5 20. Qe1 Nxc3 21. Bxe6+ Kg7 22. Bxc8 Qxc8 23. Qxc3 Nxd4 24. Nxd4 Bf6 25. Ndf5+ Kh8 26. Qe1 gxf5 27. Rd1 Re8 28. Qd2 Rd8 29. Qc2 Rxd1+ 30. Qxd1 Qe6 31. Qf3 Qe1+ 32. Nf1 Bd4 33. Qxf5 Kg7 34. g4 b5 35. Kg2 Qe7 36. Ng3 Qb7+ 37. Kh3 Qf7 38. f4 Qe7 39. Qc8 1-0

[Event "OLNN 2324 SK Johanneum Eppendorf - SK No"]
[Site "?"]
[Date "2024.02.25"]
[Round "6.2"]
[White "Wedberg, Rom"]
[Black "Kopylov, Michael"]
[Result "1/2-1/2"]
[WhiteElo "2369"]
[BlackElo "2348"]
[PlyCount "49"]
[EventDate "2024.??.??"]

1. e4 Nf6 2. e5 Nd5 3. d4 d6 4. Nf3 dxe5 5. Nxe5 c6 6. Nc3 Nd7 7. Nf3 Nxc3 8. bxc3 g6 9. Bd3 Bg7 10. O-O O-O 11. Re1 Nf6 12. h3 Qc7 13. Qe2 Re8 14. Ne5 Be6 15. c4 Nd7 16. f4 Nxe5 17. fxe5 Red8 18. c3 b5 19. Ba3 bxc4 20. Bxc4 Bd5 21. Rab1 Rab8 22. Rb3 Bf8 23. Reb1 e6 24. Bxf8 Rxf8 25. Qb2 1/2-1/2

[Event "OLNN 2324 SK Johanneum Eppendorf - SK No"]
[Site "?"]
[Date "2024.02.25"]
[Round "6.3"]
[White "Hovhannisyan, Artur"]
[Black "Keyser, Robin"]
[Result "1-0"]
[WhiteElo "2217"]
[BlackElo "2154"]
[PlyCount "75"]
[EventDate "2024.??.??"]

1. e4 e6 2. d4 d5 3. Nc3 Bb4 4. Nge2 dxe4 5. a3 Bxc3+ 6. Nxc3 Nc6 7. Bb5 Nge7 8. Nxe4 a6 9. Bxc6+ Nxc6 10. Be3 O-O 11. Nc3 e5 12. d5 Nd4 13. Bxd4 exd4 14. Qxd4 Re8+ 15. Kf1 Bf5 16. Qd2 Qd6 17. f3 Re7 18. g4 Bg6 19. Kg2 Rae8 20. Rhe1 h5 21. Rxe7 Qxe7 22. g5 Qe5 23. Rf1 Qf5 24. Rf2 Kh8 25. h4 Re5 26. Qd4 Re1 27. Qd2 Qe5 28. Ne2 Rb1 29. c3 Bf5 30. Ng3 Bd7 31. Re2 Qd6 32. Qd4 f6 33. gxf6 gxf6 34. Nxh5 Bh3+ 35. Kxh3 Rh1+ 36. Kg4 Kg8 37. Re8+ Kf7 38. Re6 1-0

[Event "OLNN 2324 SK Johanneum Eppendorf - SK No"]
[Site "?"]
[Date "2024.02.25"]
[Round "6.4"]
[White "Schroeder, Christoph"]
[Black "Zierke, Oliver"]
[Result "1-0"]
[WhiteElo "2179"]
[BlackElo "2187"]
[PlyCount "49"]
[EventDate "2024.??.??"]

1. e4 c5 2. Nc3 Nc6 3. Bb5 Nd4 4. Bc4 g6 5. Nf3 Bg7 6. Nxd4 cxd4 7. Qf3 Nh6 8. Ne2 O-O 9. d3 Ng4 10. Qg3 Ne5 11. Bb3 Nc6 12. h4 Na5 13. h5 Nxb3 14. axb3 e5 15. Qh2 f6 16. hxg6 hxg6 17. Qh7+ Kf7 18. Rh6 Rh8 19. Qxg6+ Kg8 20. Rxh8+ Kxh8 21. Bd2 d6 22. O-O-O Kg8 23. Rh1 Qe7 24. Rh7 Qf7 25. Rh8+ 1-0

[Event "OLNN 2324 SK Johanneum Eppendorf - SK No"]
[Site "?"]
[Date "2024.02.25"]
[Round "6.5"]
[White "Michna, Christian"]
[Black "Behrhorst, Frank"]
[Result "1/2-1/2"]
[WhiteElo "2201"]
[BlackElo "2205"]
[PlyCount "53"]
[EventDate "2024.??.??"]

1. d4 Nf6 2. Nc3 d5 3. Bf4 Bf5 4. f3 c5 5. e3 Nc6 6. g4 Bg6 7. h4 h6 8. Bd3 Bxd3 9. Qxd3 cxd4 10. exd4 e6 11. Nge2 Bd6 12. O-O-O Bxf4+ 13. Nxf4 Qd6 14. Qe3 O-O-O 15. Nd3 Nd7 16. Nb5 Qb8 17. Ne5 Ndxe5 18. dxe5 Qxe5 19. Nxa7+ Kd7 20. Qb6 Nxa7 21. Qxa7 Qc7 22. Qa4+ Qc6 23. Qf4 Ke7 24. Qb4+ Rd6 25. Rd3 Ra8 26. Rc3 Qb6 27. Qxb6 1/2-1/2

[Event "OLNN 2324 SK Johanneum Eppendorf - SK No"]
[Site "?"]
[Date "2024.02.25"]
[Round "6.6"]
[White "Wirthgen, Peter"]
[Black "Parvanyan, Alfred"]
[Result "1-0"]
[WhiteElo "2113"]
[BlackElo "2153"]
[PlyCount "73"]
[EventDate "2024.??.??"]

1. d4 Nf6 2. c4 g6 3. Nc3 d5 4. cxd5 Nxd5 5. e4 Nxc3 6. bxc3 Bg7 7. Nf3 O-O 8. Be2 c5 9. Rb1 Qc7 10. O-O Rd8 11. Be3 Nc6 12. Qc1 Bg4 13. Bf4 Qc8 14. d5 Bxf3 15. Bxf3 Ne5 16. Be2 b6 17. Bg3 f5 18. f4 Nf7 19. e5 Rb8 20. c4 Qa6 21. Qc2 Rf8 22. Bd3 Rbd8 23. Rfe1 Qc8 24. Qa4 Qc7 25. Rbd1 g5 26. Bxf5 gxf4 27. Bxf4 Nxe5 28. Be6+ Kh8 29. Bg3 b5 30. Qc2 bxc4 31. Qe2 Nd3 32. Bxc7 Bd4+ 33. Qe3 Bxe3+ 34. Rxe3 Ra8 35. Rexd3 cxd3 36. Be5+ Rf6 37. Rxd3 1-0

[Event "OLNN 2324 SK Johanneum Eppendorf - SK No"]
[Site "?"]
[Date "2024.02.25"]
[Round "6.7"]
[White "Bohnsack, Ralf"]
[Black "Ahmels, Volker"]
[Result "1/2-1/2"]
[WhiteElo "2170"]
[BlackElo "2163"]
[PlyCount "42"]
[EventDate "2024.??.??"]

1. d4 Nf6 2. Nf3 e6 3. c4 Bb4+ 4. Bd2 c5 5. g3 O-O 6. Bg2 Bxd2+ 7. Qxd2 d6 8. Nc3 Qe7 9. O-O Nc6 10. Rfd1 Rb8 11. e3 b6 12. d5 Na5 13. dxe6 Bxe6 14. b3 Rfd8 15. Ng5 Rd7 16. Nh3 Bg4 17. Re1 Bxh3 18. Bxh3 Rdd8 19. Rad1 a6 20. Bg2 Qc7 21. Re2 b5 1/2-1/2

[Event "OLNN 2324 SK Johanneum Eppendorf - SK No"]
[Site "?"]
[Date "2024.02.25"]
[Round "6.8"]
[White "Schueler, Hendrik"]
[Black "Deniz, Mehmet Yavuz"]
[Result "1-0"]
[WhiteElo "2050"]
[BlackElo "1716"]
[PlyCount "121"]
[EventDate "2024.??.??"]

1. d4 Nf6 2. c4 e6 3. g3 d5 4. Bg2 Be7 5. Nf3 Ne4 6. Nbd2 f5 7. O-O Nd7 8. Qc2 Bf6 9. b3 c6 10. Bb2 O-O 11. Ne1 Nb6 12. Rd1 Qe7 13. Nd3 Rd8 14. Nf3 Nd7 15. Rb1 b6 16. cxd5 cxd5 17. Nfe5 Bxe5 18. Nxe5 Nxe5 19. dxe5 Ba6 20. Bd4 Rac8 21. Qb2 Qb4 22. Rfe1 Nc3 23. Bxc3 Qxc3 24. Qa3 Bb5 25. Qxa7 Qxe5 26. Qxb6 d4 27. a4 Bxe2 28. Bf1 d3 29. Bxe2 d2 30. Red1 Qxe2 31. Qe3 Qxe3 32. fxe3 Rc3 33. Kf2 Rdd3 34. b4 Rb3 35. Rxb3 Rxb3 36. Rxd2 Rxb4 37. Ra2 Rb6 38. a5 Ra6 39. Ke2 Kf7 40. Kd3 Ke7 41. Kc4 Kd6 42. Kb5 Ra8 43. a6 Kc7 44. Rc2+ Kd7 45. Ra2 Kc7 46. h4 g6 47. Kc5 Ra7 48. Ra3 e5 49. Kd5 e4 50. Ke5 Kb8 51. h5 Rd7 52. Rb3+ Ka8 53. Rb7 Rd3 54. Rxh7 g5 55. Kxf5 Rxe3 56. g4 Rf3+ 57. Kxg5 Ra3 58. Rh6 e3 59. Re6 Ka7 60. Kf4 Ra4+ 61. Kf3 1-0

[Event "OLNN 2324 SK Doppelbauer Turm Kiel III -"]
[Site "?"]
[Date "2024.02.25"]
[Round "6.1"]
[White "Fries-Nielsen, Jens Ove"]
[Black "Hebbinghaus, Holger"]
[Result "1/2-1/2"]
[WhiteElo "2372"]
[BlackElo "2175"]
[PlyCount "53"]
[EventDate "2024.??.??"]

1. Nf3 d5 2. e3 Nf6 3. b3 Bg4 4. h3 Bh5 5. Bb2 e6 6. g4 Bg6 7. Ne5 Nbd7 8. Nxg6 hxg6 9. c4 c6 10. Nc3 Bd6 11. d4 g5 12. Bd3 Qe7 13. a3 e5 14. Kf1 e4 15. Be2 a6 16. c5 Bc7 17. b4 Nf8 18. a4 Ng6 19. Ke1 O-O 20. Kd2 Rfb8 21. Kc2 b6 22. cxb6 Rxb6 23. Ba3 Bd6 24. a5 Rbb8 25. Na4 Bxb4 26. Bxb4 Qxb4 27. Nb6 1/2-1/2